[Top 10] Clubs ayant remportés le plus de titres nationaux - Statistiques

Statistiques générales
  • Ce quiz a été pris 143 fois
  • Le résultat moyen est 20 sur 30
Statistiques - réponses
Rang Pays Club Titres % Correct
1 Portugal Benfica Lisbonne 36
98%
6 Allemagne Bayern Munich 28
95%
Espagne Real Madrid 33
94%
Italie Juventus Turin 34
93%
Angleterre Liverpool 18
90%
10 Angleterre Manchester United 20
90%
4 Pays-Bas Ajax Amsterdam 33
89%
Portugal FC Porto 28
89%
11 Italie Inter Milan 18
89%
8 Espagne FC Barcelone 25
88%
Italie Milan AC 18
87%
Ukraine Dynamo Kiev 15
84%
18 Angleterre Arsenal 13
83%
9 Pays-Bas PSV Eindhoven 24
80%
Portugal Sporting Portugal 18
80%
2 Belgique Anderlecht 34
79%
21 France A. S. Saint-Etienne 10
77%
15 Belgique Club Brugge 15
75%
Russie Spartak Moscou 10
73%
Pays-Bas Feyenoord Rotterdam 15
69%
France Olympique de Marseille 9
66%
Espagne Atletico Madrid 10
61%
Ukraine Shaktar Donetsk 11
60%
Allemagne Borussia Dortmund 8
41%
Belgique Standard de Liège 10
36%
Angleterre Everton 9
16%
29 Italie Torino 8
16%
Italie Genoa 9
12%
19 Belgique Royale Union saint-gilloise 11
9%
25 Allemagne Nuremberg 9
8%
Aucun quiz correspondant
Distribution des résultats
% des personnes avec chaque résultat
Percentile par nombre de réponses
Votre historique - résultats
Vous n’avez pas pris ce quiz